<?xml version="1.0" encoding="UTF-8"?>
<record
    xmlns:xsi="http://www.w3.org/2001/XMLSchema-instance"
    xsi:schemaLocation="http://www.loc.gov/MARC21/slim http://www.loc.gov/standards/marcxml/schema/MARC21slim.xsd"
    xmlns="http://www.loc.gov/MARC21/slim">

  <leader>00203    a2200085   4500</leader>
  <datafield tag="020" ind1=" " ind2=" ">
    <subfield code="a">9780947465681</subfield>
  </datafield>
  <datafield tag="082" ind1=" " ind2=" ">
    <subfield code="2">ST 530 STUD</subfield>
    <subfield code="a">530</subfield>
    <subfield code="b">1</subfield>
  </datafield>
  <datafield tag="100" ind1=" " ind2=" ">
    <subfield code="a">STUDY &amp; MASTER</subfield>
    <subfield code="9">75612</subfield>
  </datafield>
  <datafield tag="245" ind1=" " ind2=" ">
    <subfield code="a">PHYSICAL SCIENCE GRADE 10</subfield>
  </datafield>
  <datafield tag="999" ind1=" " ind2=" ">
    <subfield code="c">774633</subfield>
    <subfield code="d">774632</subfield>
  </datafield>
  <datafield tag="942" ind1=" " ind2=" ">
    <subfield code="w">438</subfield>
    <subfield code="x">Lucy Nkosi</subfield>
    <subfield code="y">438</subfield>
    <subfield code="z">Lucy Nkosi</subfield>
  </datafield>
  <datafield tag="952" ind1=" " ind2=" ">
    <subfield code="0">0</subfield>
    <subfield code="1">0</subfield>
    <subfield code="4">0</subfield>
    <subfield code="6">ST_530_000000000000000_STUD_530_1</subfield>
    <subfield code="7">0</subfield>
    <subfield code="8">ST</subfield>
    <subfield code="9">721393</subfield>
    <subfield code="a">EMBAL</subfield>
    <subfield code="b">EMBAL</subfield>
    <subfield code="c">Non_Fiction</subfield>
    <subfield code="d">2025-04-10</subfield>
    <subfield code="l">0</subfield>
    <subfield code="o">ST 530 STUD 530 1</subfield>
    <subfield code="p">040331</subfield>
    <subfield code="r">2025-04-10</subfield>
    <subfield code="w">2025-04-10</subfield>
    <subfield code="y">BOOK</subfield>
  </datafield>
  <datafield tag="952" ind1=" " ind2=" ">
    <subfield code="0">0</subfield>
    <subfield code="1">0</subfield>
    <subfield code="4">0</subfield>
    <subfield code="6">ST_530_000000000000000_STUD_530_1</subfield>
    <subfield code="7">0</subfield>
    <subfield code="8">ST</subfield>
    <subfield code="9">721394</subfield>
    <subfield code="a">EMBAL</subfield>
    <subfield code="b">EMBAL</subfield>
    <subfield code="c">Non_Fiction</subfield>
    <subfield code="d">2025-04-10</subfield>
    <subfield code="l">0</subfield>
    <subfield code="o">ST 530 STUD 530 1</subfield>
    <subfield code="p">040480</subfield>
    <subfield code="r">2025-04-10</subfield>
    <subfield code="w">2025-04-10</subfield>
    <subfield code="y">BOOK</subfield>
  </datafield>
</record>
